Hodnotenie inštitucionálneho prostredia krajín Európskej únie

Kvantifikovanie vplyvu vybraných kvalitatívnych indikátorov na index ľudského rozvoja. Overovanie hypotéz, ktoré vychádzali zo špecifikácie kvantitatívneho modelu - s nárastom subindexu investičnej slobody očakávanie nárastu hodnoty indexu ľudského rozvoja v krajinách EÚ, s nárastom subindexu riešen...

Descrizione completa

Salvato in:
Dettagli Bibliografici
Autore principale: Mohamadová, Linda
Altri autori: Steinhauser, Dušan, 1988-
Natura: Capitolo di libro
Lingua:slovacco
Soggetti:
Tags: Aggiungi Tag
Nessun Tag, puoi essere il primo ad aggiungerne!!

MARC

LEADER 00000naa a2200000 4500
001 0267958
005 20240502074214.6
041 0 |a slo 
044 |a SK 
245 1 0 |a Hodnotenie inštitucionálneho prostredia krajín Európskej únie  |c Linda Mohamadová, Dušan Steinhauser 
520 |a Kvantifikovanie vplyvu vybraných kvalitatívnych indikátorov na index ľudského rozvoja. Overovanie hypotéz, ktoré vychádzali zo špecifikácie kvantitatívneho modelu - s nárastom subindexu investičnej slobody očakávanie nárastu hodnoty indexu ľudského rozvoja v krajinách EÚ, s nárastom subindexu riešenia platobnej neschopnosti očakávanie nárastu hodnoty indexu ľudského rozvoja v krajinách EÚ a s nárastom subindexu vyššieho vzdelávania a tréningu očakávanie nárastu hodnoty indexu ľudského rozvoja v krajinách EÚ. 
610 2 0 |a ekonómia inštitucionálna 
610 2 0 |a sloboda ekonomická 
610 2 0 |a index lepšieho života 
610 2 0 |a Európska únia 
100 1 |a Mohamadová, Linda 
700 1 |a Steinhauser, Dušan, 1988-